UBT Library

THEORIE UND TECHNIK VON SCHALTNETZWERJEB (Record no. 14591)

000 -LEADER
fixed length control field 00282nam a22001217a 4500
008 - FIXED-LENGTH DATA ELEMENTS--GENERAL INFORMATION
fixed length control field 170526b xxu||||| |||| 00| 0 eng d
041 ## - LANGUAGE CODE
Language code of text/sound track or separate title eng
080 ## - UNIVERSAL DECIMAL CLASSIFICATION NUMBER
Universal Decimal Classification number 621.38
100 ## - Rafti
Rafti 27
101 ## - Shkurtesa
Shkurtesa IM
245 ## - TITLE STATEMENT
Title THEORIE UND TECHNIK VON SCHALTNETZWERJEB
Statement of responsibility, etc EINFUHRUNG
942 ## - ADDED ENTRY ELEMENTS (KOHA)
Source of classification or shelving scheme
Item type Books
Holdings
Withdrawn status Lost status Source of classification or shelving scheme Damaged status Not for loan Collection code Permanent location Current location Shelving location Date acquired Total Checkouts Full call number Barcode Date last seen Price effective from Koha item type
          Koleksioni i përgjithshem UBT - Lipjan UBT - Lipjan Koleksioni i përgjithshem 05/26/2017   621 EIN 002-287265 12/08/2017 05/26/2017 Books
UBT Library © 2015-2024. All rights reserved University Education for Business and Technology